00777nam a2200241 i 4500003000900000005001700009008004100026040004300067041000800110082002500118100002700143245007100170264006000241300002200301336002200323337002400345338003300369546002000402650002400422650002200446651001000468856005700478EG-GICUC20260415110044.0260415s1977 Engaod|fr|||| 00| 0 eng d aEG-GiCUCbengcEG-GiCUCdEG-GiCUCerda aeng04221a343.111bDA . S 1 aPowis, David.eAuthor.14a The signs of crime :b a field manual for Police /c David Powis. 1aLondon ;bNew York : McGraw-Hill Book Co. (UK), c1977. a236pages ;c24 cm 2rda contentatext 2rda mediaaComputer 2rda carrieraOnline Resource aText in English1 aCriminal law2qrmak1 a Police training.1 2qrmak40uhttps://fll.law.cu.edu.eg/fulltext/bks/B10-08918.pdf